Finančno-ekonomická analýza podniku

Gespeichert in:
Bibliographische Detailangaben
1. Verfasser: Zalai, Karol
Körperschaft: Ekonomická univerzita v Bratislave
Weitere Verfasser: Dávid, Arnold, Šnircová, Jana, 1971-, Moravčíková, Elena, 1967-, Hurtošová, Jana, Tučníková, Daniela, Šlosárová, Anna, Marková, Jana
Format: Buch
Sprache:Slowakisch
Veröffentlicht: Bratislava Sprint 2 2016
Ausgabe:9. aktual. a rozšír. vyd.
Schriftenreihe:Economics
Schlagworte:
Tags: Tag hinzufügen
Keine Tags, Fügen Sie das erste Tag hinzu!

MARC

LEADER 00000nam a2200000 4500
001 0216342
005 20240502073614.6
020 |a 978-80-89710-22-5 
041 0 |a slo 
044 |a SK 
245 1 0 |a Finančno-ekonomická analýza podniku  |c Karol Zalai a kolektív ; recenzovali: Anna Šlosárová, Jana Marková 
250 |a 9. aktual. a rozšír. vyd. 
264 1 |a Bratislava  |b Sprint 2  |c 2016 
300 |a 487 s. [30,02 AH]  |e CD-ROM 
490 1 |a Economics 
830 0 |a Economics 
610 2 0 |a analýza finančná 
610 2 0 |a analýza ekonomická 
610 2 0 |a podnik 
610 2 0 |a situácia finančná podniku 
610 2 0 |a závierka účtovná 
610 2 0 |a ukazovatele finančné 
610 2 0 |a prognózovanie 
610 2 0 |a metódy prognostické 
610 2 0 |a metódy matematicko-štatistické 
610 2 0 |a siete neurónové 
610 2 0 |a holding 
610 2 0 |a výsledok hospodársky 
610 2 0 |a cash flow 
610 2 0 |a výkonnosť podniku 
610 2 0 |a výrobky 
610 2 0 |a faktory výrobné 
610 2 0 |a analýza nákladov 
100 1 |a Zalai, Karol 
700 1 |a Dávid, Arnold 
700 1 |a Šnircová, Jana, 1971- 
700 1 |a Moravčíková, Elena, 1967- 
700 1 |a Hurtošová, Jana 
700 1 |a Tučníková, Daniela 
700 1 |a Šlosárová, Anna 
700 1 |a Marková, Jana 
710 2 |a Ekonomická univerzita v Bratislave